000 00450nam a2200181Ia 4500
008 230524s9999 xx 000 0 und d
020 _a007124476X
082 _a5.74
_bLIL
100 _aAbraham Silberschatz
245 0 _a"Database System Concepts (1064p,5th ed.)"
250 _a4TH
260 _aNEW DELHI
_bMGH
_c2005
300 _aXXIV;1064
500 _aQuantity Number: 135
650 _aComp-Sc
700 _a Henry F.Korth
942 _cBK
999 _c7066
_d7066